000 01543cam a2200337 4500
001 J109250
008 000000n2000 000 0 eng u
035 _a(Sirsi) u109250
041 _aeng
050 _a346.41013
_c18
100 _aLand, Howard
110 _aRoyal Institution of Chartered Surveyors
_94900
245 _aDisability discrimination
_bbecoming an access consultant
_h[sound recording]
260 _aLondon
_bRICS
_c2000
300 _a1 sound cassette (60 min.)
350 _a15
490 _aOwlion Audio Programme
520 _aTaking note that the access to service providers provisions of the Disability Discrimination Act 1995 come into force by 2004, the tape provides information on the historical background to the requirement for easy access to commercial property for everyone, the legal implications, business opportunities for chartered surveyors and other professionals, the National Register of Access Consultants operated by the Centre for Accessible Environments and the training necessary to qualify for status of access auditor and access consultant.
650 _aDISABILITY DISCRIMINATION ACT 1995
650 _aACCESS CONSULTANTS
650 _aBUSINESS PREMISES
690 _aBUILT ENVIRONMENT-CONSTRUCTION DESIGN
700 _aWilliams, Peter
700 _aCullingworth, Richard
700 _aFrangos, M.
700 _aNoble, Mary
700 _aRange, Liz
710 _aCollege of Estate Management
_9400
710 _aRoyal Institution of Chartered Surveyors
_94900
942 _n0
999 _c85410
_d85410